| 000 | 00445nam a2200169Ia 4500 | ||
|---|---|---|---|
| 008 | 230917s9999||||xx |||||||||||||| ||und|| | ||
| 020 | _cRS2500 | ||
| 040 |
_e231757 _aMAIN |
||
| 041 | _aEnglish | ||
| 082 | _a338.9 S59E | ||
| 100 | _aShetty, G L | ||
| 245 | 0 | _aEconomic growth models, 2V | |
| 260 |
_aJaipur _bShree Niwas Publications _c2016 |
||
| 300 | _a392 p. | ||
| 500 | _a2279 05/02/2016 UBC15/7433 08/02/2016 Main Budget | ||
| 942 | _cBK | ||
| 999 |
_c18102 _d18102 |
||